Estadísticas para Países más Orientales

Haz click aquí para tomar la prueba!

Estadísticas generales

  • Esta prueba ha sido tomada 1.330 veces
  • La puntuación promedio es 17 de 20

Estadísticas de respuestas

LongitudPaís% Correcto
154.0Japón
97%
134.8China
94%
168.0Australia
93%
180Rusia
93%
131.9Corea del Sur
92%
178.9Nueva Zelanda
92%
130.7Corea del Norte
91%
141.1Indonesia
89%
163.0Estados Federados de Micronesia
83%
180Fiyi
83%
172.2Islas Marshall
83%
170.2Islas Salomón
83%
176.8Kiribati
82%
159.4Papua Nueva Guinea
82%
179.9Tuvalu
81%
170.2Vanuatu
81%
167.0Nauru
78%
134.7Palaos
75%
179.8Estados Unidos
74%
127.5Timor Oriental
69%

Distribución de puntuación

Porcentaje por número respondido

Porcentaje de gente con cada puntuación

Historial de tus puntuaciones

No has tomado esta prueba